000 00577nam a22001937a 4500
999 _c1482
_d1482
003 AR-CdUCM
008 190227b ||||| |||| 00| 0 spa d
040 _aMUNICIPALIDAD PROVINCIAL DEL CUSCO
_cBIBLIOTECA MUNICIPAL DEL CUSCO
082 _a869.56 /
_bB79
100 _aBoza, Adriel
_95623
245 _aLlanto por la patria i otros poemas /
260 _aCusco-Perú :
_bAndina,
_c1991.
300 _a24 páginas ;
_c20 cm.
650 _aLiteratura peruana
_9169
650 _aPoesía peruana
_9806
650 _aPoesía siglo XX
_91708
942 _2ddc
_cLIBROS
945 _azta